ბათუმის შოთა რუსთაველის სახელმწიფო უნივერსიტეტის ბიბლიოთეკა

Экономика общественного секрета: (ბიბ.ჩანაწერი № 37315)

000 -LEADER
fixed length control field 00753nam a2200229Ia 4500
001 - CONTROL NUMBER
control field 3274
003 - CONTROL NUMBER IDENTIFIER
control field GE_BSU
008 - FIXED-LENGTH DATA ELEMENTS--GENERAL INFORMATION
fixed length control field 181216s||||||||xx |||||||||||||| ||und||
020 ## - INTERNATIONAL STANDARD BOOK NUMBER
International Standard Book Number 5756700617
040 ## - CATALOGING SOURCE
Transcribing agency GE_BSU
080 ## - UNIVERSAL DECIMAL CLASSIFICATION NUMBER
Universal Decimal Classification number 330(075.8)
245 ## - TITLE STATEMENT
Title Экономика общественного секрета:
245 ## - TITLE STATEMENT
Remainder of title Овсновы теории государственных финансов:Учебник для вузов;
245 ## - TITLE STATEMENT
Statement of responsibility, etc. ред сов: В.И.Бахмин, Я Н Бергер. и др.
260 ## - PUBLICATION, DISTRIBUTION, ETC.
Place of publication, distribution, etc. Москва
260 ## - PUBLICATION, DISTRIBUTION, ETC.
Name of publisher, distributor, etc. Аспект Пресс,
260 ## - PUBLICATION, DISTRIBUTION, ETC.
Date of publication, distribution, etc. !996
300 ## - PHYSICAL DESCRIPTION
Extent 319 см.
653 ## - INDEX TERM--UNCONTROLLED
Uncontrolled term Экономика общественного секрета:
942 ## - ADDED ENTRY ELEMENTS (KOHA)
Koha item type წიგნი
ეგზემპლარები
Withdrawn status Lost status Damaged status Not for loan Date acquired Barcode Date last seen Price effective from Koha item type
        2018-12-17 7787 2018-12-17 2018-12-17 წიგნი